| 000 | 04160cam a22004694a 4500 | ||
|---|---|---|---|
| 001 | 14227394 | ||
| 005 | 20260413091338.0 | ||
| 008 | 060110s2006 maua b 001 0 eng | ||
| 010 | _a 2006000742 | ||
| 016 | 7 |
_a101264902 _2DNLM |
|
| 020 | _a0763740306 | ||
| 020 | _a9780763740306 | ||
| 035 | _a14227394 | ||
| 035 | _a(OCoLC)62885443 | ||
| 042 | _apcc | ||
| 050 | 0 | 0 |
_aRT84.5 _b.P53 2006 |
| 060 | 0 | 0 | _a2006 D-684 |
| 060 | 1 | 0 |
_aWY 86 _bP56 2006 |
| 082 | 0 | 0 |
_a610.73/01 _222 |
| 245 | 0 | 0 | _aPhilosophical and theoretical perspectives for advanced nursing practice/ |
| 250 | _a4th ed. / | ||
| 260 |
_aSudbury, Mass. : _bJones and Bartlett Publishers, _cc2006. |
||
| 300 |
_axi, 321 p. : _bill. ; _c23 cm. |
||
| 500 | _a"Previous editions edited by the late Janet W. Kenney." | ||
| 504 | _aIncludes bibliographical references and index. | ||
| 505 | 0 | _aValues-based practice and evidence-based care : pursuing fundamental questions in nursing philosophy and theory / William K. Cody -- Structuring nursing knowledge : a priority for creating nursing's future / Rozella M. Schlotfeldt -- Fundamental patterns of knowing in nursing / Barbara A. Carper -- Multiple paradigms of nursing science / Elizabeth J. Monti and Martha S. Tingen -- What constitutes nursing science? / John R. Phillips -- The state of nursing science : hallmarks of the 20th and 21st centuries / Jacqueline Fawcett -- The state of nursing science : reconceptualizing for the 21st century / Mary Cipriano Silva -- Nursing science : the transformation of practice / Rosemarie Rizzo Parse -- The nurse scholar of the 21st century / Sandra Schmidt Bunkers -- Professionalism and the evolution of nursing as a discipline : a feminist perspective / Judith Wuest -- Nursing science in the global community / Shaké Ketefian and Richard W. Redman -- | |
| 505 | 0 | _aA global perspective on domestic and international tensions in knowledge development / Kim Lutzen -- Nursing theory-based practice : what it is and what it is not / William K. Cody -- Nursing, the ontology of the discipline / Pamela G. Reed -- A dialectical examination of nursing art / Joy L. Johnson -- Expressing health through lifestyle patterns / Nola J. Pender -- Healing as appreciating wholeness / W. Richard Cowling, III -- Relational narrative : the postmodern turn in nursing ethics / Sally Gadow -- Thinking upstream : nurturing a conceptual understanding of the societal context of health behavior / Patricia G. Butterfield -- Environmental paradigms : moving toward an ecocentric perspective / Doroty Kleffel -- Reframing outcomes : enhancing personhood / Anne Boykin and Savina Schoenhofer -- | |
| 505 | 0 | _aA conceptual framework for person-centred practice with older people / Brendan McCormack -- Post-positivistic critical muliplism : a beginning dialogue / Nicole Letourneau and Marion Allen -- Esthetic and personal knowing through humanistic nursing / Dianne Pelletier Raymond -- Nursing knowledge and human science: ontological and epistemological considerations / Gail J. Mitchell and William K. Cody -- On nursing theories and evidence / Jacqueline Fawcett ... [et al.] -- The notion of evidence in evidence-based practice / Donna M. Romyn ... [et al.] -- Evidence-based practice : critique and alternative view / Gail J. Mitchell -- Critical thinking and theory-based practice / Ellen Clark Birx -- The circle of caring : a transformative model of advanced practice nursing / Lynne M. Dunphy and Jill E. Winland-Brown -- Theory-based advanced nursing practice / Janet W. Kenney. | |
| 650 | 0 |
_aNursing _xPhilosophy. |
|
| 650 | 0 | _aNursing models. | |
| 650 | 1 | 2 | _aNursing Theory. |
| 650 | 2 | 2 |
_aNursing _xtrends. |
| 650 | 2 | 2 | _aNursing Research. |
| 650 | 2 | 2 | _aPhilosophy, Nursing. |
| 700 | 1 | _aCody, William K. | |
| 700 | 1 | _aKenney, Janet W. | |
| 856 | 4 | 1 |
_3Table of contents only _uhttp://www.loc.gov/catdir/toc/ecip066/2006000742.html |
| 906 |
_a7 _bcbc _corignew _d1 _eecip _f20 _gy-gencatlg |
||
| 942 |
_2lcc _cBK |
||
| 999 |
_c60336 _d60336 |
||